Euroopan 10 protestanttisinta valtiota - Statistics

Yleistilastot
  • Tätä visaa on pelattu 2 682 kertaa
  • Keskiarvotulos 9 / 10
Vastaustilastot
% Valtio % Oikein
64 Ruotsi
96%
72 Suomi
96%
82 Norja
95%
27 Saksa
95%
76 Tanska
91%
76 Islanti
87%
50 Yhdistynyt kuningaskunta
78%
19 Alankomaat
76%
25 Sveitsi
70%
20 Latvia
67%
Ehtoja vastaavia visoja ei löytynyt
Tulosjakauma
Jokaisen tuloksen saaneiden osuus
Persentiili vastausten määrän mukaan
Tuloshistoriasi
Et ole pelannut tätä visaa